000 00751nam a2200229 a 4500
001 33653
003 BD-RjUL
005 20211209052035.0
008 140510s1978 000 0 eng d
035 _a(BD-RjUL)33744
040 _aAPLS
_beng
_cAPLS
_dAPLS
_dBD-RjUL
041 _aeng
082 0 4 _a361.323
_bGRE 1978
100 1 _aGrayson, Ellis S.
_9102171
245 1 4 _aThe elements of short-term group counseling /
_cEllis S. Grayson ; illustrated by Norma Wilkie.
260 _aCollege Park, Md. :
_bAmerican Correctional Association,
_cc1978.
300 _axiii, 112 p. :
_bill.
_c23 cm.
650 0 _aGroup counseling.
_93641
650 0 _aPrison psychology.
_9102172
710 2 _aAmerican Correctional Association.
_9102173
942 _2ddc
_cBK
999 _c33653
_d33653